000 01257nam a2200277 i 4500
001 98893
003 ES-MaACL
005 20250824052155.0
007 t|
008 950919s1884 sp ac |||| | spa d
100 1 _aEchegaray, José,
_d1832-1916
_eaut
_946526
245 1 0 _aObras dramáticas escogidas /
_cJ. Echegaray ; [prólogo, Ignacio José Escobar].
260 _aMadrid :
_b[s.n.],
_c1884
_f(Imp. de Tello)
300 _aXII, 538 páginas :
_bilustraciones, 1 retrato ;
_c18 cm.
500 _aPort. orlada, firmada por Arturo Mélida y Francisco Laporta
505 0 _aVol. I. La esposa del vengador: drama en tres actos en verso; En el puño de la espada: drama trágico en tres actos y en verso; O locura o santidad: drama en tres actos en prosa
599 _aRetrato del autor
655 0 _aTeatro
_9234794
700 1 _aValdeiglesias, José Ignacio Escobar y Kirkpatrick,
_cMarqués de,
_d1898-1977
_9155271
700 1 _aMélida y Alinari, Arturo,
_d1849-1902
_eill
_979968
700 1 _aLaporta, Francisco,
_d1850-1914
_eill
_9152865
852 _aES-MaACL
_cSPP2
_gDedicatoria autógrafa del autor
_hDonativo de José Echegaray
_jF-9794
942 _2udc
_cMONANT
_n0
999 _c98893
_d98893